| 000 | 01109nam a22002535a 4500 | ||
|---|---|---|---|
| 008 | 161027s2014 enka||||rd||| 00| 0 eng d | ||
| 020 | _a9780199666386 | ||
| 020 | _a0199666385 | ||
| 040 |
_aEG-ScBUE _beng _cEG-ScBUE |
||
| 082 | 0 | 4 |
_222 _a610.7303 _bMIN |
| 245 |
_aMinidictionary for nurses / _cConsultant, Tanya A. McFerran; editor, Elizabeth A. Martin. |
||
| 250 | _a7th ed. | ||
| 260 |
_aOxford : _bOxford University Press, _c2014. |
||
| 300 |
_axii, 830 p. : _bill. ; _c12 cm. |
||
| 500 | _aFirst published : Pocket dictionary for nurses, 1984 | ||
| 520 | _aThis best-selling dictionary provides detailed coverage of the ever-expanding vocabulary of the nursing professions in an authoritative and accessible way. It is a must-have for all nurses, nursing students, and medical practitioners, including midwives and health visitors | ||
| 590 | _aWessam | ||
| 650 | 7 |
_2BUEsh _99403 _aNursing _vDictionaries. |
|
| 651 | _2BUEsh | ||
| 653 |
_bNNUR _cOctober2016 |
||
| 700 | 1 |
_937207 _aMcFerran, Tanya A. _eConsultant. |
|
| 700 | 1 |
_937208 _aMartin, Elizabeth A. _eeditor. |
|
| 942 |
_2ddc _e22 _k610.7303 MIN |
||
| 999 |
_c22890 _d22862 |
||